| 000 | 00581nam a2200217Ia 4500 | ||
|---|---|---|---|
| 003 | BUBTL | ||
| 008 | 151213s9999 xx 000 0 und d | ||
| 020 | _a81-7808-586-0 | ||
| 082 | _a658.8 | ||
| 100 |
_aWarren , J. Keegan _92662 |
||
| 245 |
_aGlobal Marketing Management _cWarren , J. Keegan |
||
| 250 | _a7th | ||
| 260 |
_aIndia _bPearson Education Asia _c2002 |
||
| 300 | _a6086 p. | ||
| 650 |
_aMarketing _92663 |
||
| 650 |
_aMarketing _92663 |
||
| 700 |
_aWarren , J. Keegan _92662 |
||
| 856 |
_k0 _l0 _yDownload |
||
| 942 |
_2ddc _cBK |
||
| 999 |
_c3463 _d3463 |
||